Music: Find the Mystery Band - Statistics

General Stats
  • This quiz has been taken 143 times
    110 since last reset
  • The average score is 10 of 19
Answer Stats
Songs Band % Correct
Hotel California | Tequila Sunrise Eagles
89%
Money For Nothing | Sultans of Swing Dire Straits
79%
Roxanne | King of Pain Police
76%
Don't Look Back In Anger | Live Forever Oasis
75%
Wish You Were Here | Comfortably Numb Pink Floyd
71%
Bring Me To Life | My Immortal Evanescence
65%
I'm Too Sexy | Don't Talk Just Kiss Right Said Fred
56%
RED HOT CHILI PEPPERS
54%
Kashmir | When The Levee Breaks Led Zeppelin
53%
Karma Police | Fake Plastic Trees Radiohead
53%
Once in a Lifetime | Burning Down the House Talking Heads
49%
Demons | On Top of the World Imagine Dragons
48%
Chasing Cars | Run Snow Patrol
47%
Need You Tonight | Never Tear Us Apart INXS
45%
It's A Sin | Suburbia Pet Shop Boys
44%
If You Leave Me Now | Hard To Say I'm Sorry Chicago
38%
Evil Woman | Turn to Stone Electric Light Orchestra
35%
Carrie Anne | The Air That I Breathe Hollies
34%
These Dreams | Alone Heart
33%
No matching quizzes found
Score Distribution
Percent of People with Each Score
Percentile by Number Answered
Your Score History
You have not taken this quiz since the last reset